| 000 | 00903nac a22002411u 4500 | ||
|---|---|---|---|
| 010 | _a 2002104866 | ||
| 020 | _a0782140750 | ||
| 020 | _a8176566462 | ||
| 035 | _a(DLC) 2002104866 | ||
| 082 |
_a621.3916 _bM6635 |
||
| 090 |
_c379 _d379 |
||
| 100 | _aMinasi, Mark. | ||
| 245 | 1 | 4 |
_aThe complete PC upgrade and maintenance guide / _cMark Minasi. |
| 250 | _a2003 ed. | ||
| 260 |
_aSan Francisco : _bSybex, _cc2002. |
||
| 300 |
_axxxix, 1200 p. : _bill. ; _c24 cm. + _e2 CDROMs (4 3/4 in.) |
||
| 500 | _aIncludes index. | ||
| 650 | 0 |
_aMicrocomputers _xMaintenance and repair. |
|
| 650 | 0 |
_aMicrocomputers _xUpgrading. |
|
| 856 | 4 | 2 |
_3Publisher description _uhttp://www.loc.gov/catdir/enhancements/fy0613/2002104866-d.html |
| 942 |
_cBB _k621.3916M6635 |
||
| 999 |
_c379 _d379 |
||